Panduan kebersihan & keselamatan makanan / (Record no. 23271)

MARC details
000 -LEADER
fixed length control field 00587nam a2200205#a 4500
001 - CONTROL NUMBER
control field 01706
003 - CONTROL NUMBER IDENTIFIER
control field HDC
007 - PHYSICAL DESCRIPTION FIXED FIELD--GENERAL INFORMATION
fixed length control field ta
008 - FIXED-LENGTH DATA ELEMENTS--GENERAL INFORMATION
fixed length control field 230623s2011 xx 000 0 eng d
040 ## - CATALOGING SOURCE
Original cataloging agency HDC
050 ## - LIBRARY OF CONGRESS CALL NUMBER
Classification number TX531
Item number .K46 2011
245 #0 - TITLE STATEMENT
Title Panduan kebersihan & keselamatan makanan /
Statement of responsibility, etc. Kementerian Kesihatan Malaysia.
264 ## - PRODUCTION, PUBLICATION, DISTRIBUTION, MANUFACTURE, AND COPYRIGHT NOTICE
Place of production, publication, distribution, manufacture Malaysia :
Name of producer, publisher, distributor, manufacturer Bahagian Keselamatan & Kualiti Makanan, Kementerian Kesihatan Malaysia,
Date of production, publication, distribution, manufacture, or copyright notice 2011.
300 ## - PHYSICAL DESCRIPTION
Extent 32p. :
Other physical details ill. ;
Dimensions 20cm
490 ## - SERIES STATEMENT
Series statement Makana bersih, keluarga sihat."
942 ## - ADDED ENTRY ELEMENTS (KOHA)
Source of classification or shelving scheme Library of Congress Classification
942 ## - ADDED ENTRY ELEMENTS (KOHA)
Koha item type Book
942 ## - ADDED ENTRY ELEMENTS (KOHA)
Call number prefix TX531
942 ## - ADDED ENTRY ELEMENTS (KOHA)
Call number suffix .K46 2011
Holdings
Withdrawn status Lost status Source of classification or shelving scheme Damaged status Not for loan Collection Home library Current library Shelving location Date acquired Total checkouts Full call number Barcode Date last seen Price effective from Koha item type
    Library of Congress Classification     Non-fiction Halal Development Corporation Library Halal Development Corporation Library Open Shelves 17/11/2020   TX531 .K46 2011 HDC0001226 24/05/2023 24/05/2023 Book
Halal Development Corporation Berhad (HDC)
5.02 Level 5, KPMG Tower, First Avenue, Persiaran Bandar Utama, 47800 Petaling Jaya, Selangor Darul Ehsan
Phone: +603 7965 5489 Email: [email protected]